000
00306nam a22001337a 4500
008
210302b ||||| |||| 00| 0 eng d
020
_a
2900205391577
041
_a
eng
080
_2
3th
_a
159.9
100
_a
48
101
_a
PSI
245
_a
Developmen Through the Lifespan
_c
Berk,E.L
942
_2
udc
_c
BK
999
_c
55461
_d
55461